| 000 | 01253nam a2200205Ia 4500 | ||
|---|---|---|---|
| 003 | Ost | ||
| 005 | 20260416102402.0 | ||
| 008 | 260416s9999||||xx |||||||||||||| ||und|| | ||
| 040 | _cfsecg | ||
| 041 | _aara | ||
| 100 |
_aقرارية، فتيحة _eمؤلف |
||
| 245 | 0 |
_aمحاضرات في التسويق : _bمطبوعة بيداغوجية موجهة لطلبة السنة الثانية جذع مشترك علوم تجارية / _cفتيحة قرارية |
|
| 260 |
_aالجزائر _bجامعة الجزائر3: كلية العلوم الإقتصادية، العلوم التجارية وعلوم التسيير _c2024 |
||
| 300 |
_a109 ورقة _bايضاحات _c12 سم |
||
| 504 | _aمراجع ص.104 | ||
| 520 | _aطبيعة و أهمية التسويق، معرفة البيئة و السوق، تجزئة السوق،الإستهداف و التموضع، سلوك المستهلك،بحوث التسويق،إستراتيجية المنتج و التسعير و التريج و التوزيع، أنواع التسويق. | ||
| 653 | _aالتسويق | ||
| 710 |
_aجامعة الجزائر3: كلية العلوم الإقتصادية، العلوم التجارية وعلوم التسيير _eناشر علمي |
||
| 942 | _cHANDOUT | ||
| 999 |
_c41464 _d41464 |
||